Dodatočné povolenie stavby / nariadenie odstránenia nepovolenej stavby

Opis postupu stavebných úradov pri riešení problematiky nelegálnych stavieb, ktorý je "pokrytý" zákonom č. 50/1976 Zb. o územnom plánovaní a stavebnom poriadku. Snaha hľadať aj pomocou analógie prijateľné, racionálne riešenia pre prípady, ktoré priamo nerieši.

Na minha lista:
Detalhes bibliográficos
Autor principal: Gallová, Jana
Formato: Capítulo de Livro
Idioma:eslovaco
Assuntos:
Tags: Adicionar Tag
Sem tags, seja o primeiro a adicionar uma tag!

MARC

LEADER 00000naa a2200000 4500
001 0261921
005 20200611075601.3
041 0 |a slo 
044 |a SK 
245 1 0 |a Dodatočné povolenie stavby / nariadenie odstránenia nepovolenej stavby  |c Jana Gallová 
520 |a Opis postupu stavebných úradov pri riešení problematiky nelegálnych stavieb, ktorý je "pokrytý" zákonom č. 50/1976 Zb. o územnom plánovaní a stavebnom poriadku. Snaha hľadať aj pomocou analógie prijateľné, racionálne riešenia pre prípady, ktoré priamo nerieši. 
610 2 0 |a právo správne 
610 2 0 |a legislatíva 
610 2 0 |a stavby 
610 2 0 |a plánovanie územné 
100 1 |a Gallová, Jana